The Usborne Internet-Linked Encyclopedia of World History / (Record no. 617319)
[ view plain ]
| 000 -LEADER | |
|---|---|
| fixed length control field | 00533nam a22001457a 4500 |
| 020 ## - INTERNATIONAL STANDARD BOOK NUMBER | |
| Qualifying information | HB. |
| 040 ## - CATALOGING SOURCE | |
| Transcribing agency | FIZZA ISHAQ |
| 082 ## - DEWEY DECIMAL CLASSIFICATION NUMBER | |
| Classification number | 902.02 |
| Author Mark | BIN |
| 100 ## - MAIN ENTRY--PERSONAL NAME | |
| Personal name | Fiona Chandler; Sam Taplin , Jane Bingham. |
| 9 (RLIN) | 134342 |
| 245 ## - TITLE STATEMENT | |
| Title | The Usborne Internet-Linked Encyclopedia of World History / |
| Statement of responsibility, etc. | Jane Bingham; Fiona Chandler; Sam Taplin. |
| 250 ## - EDITION STATEMENT | |
| Edition statement | Illustrated / Internet-linked edition. |
| 260 ## - PUBLICATION, DISTRIBUTION, ETC. | |
| Place of publication, distribution, etc. | London : |
| Name of publisher, distributor, etc. | Usborne Publishing Ltd , |
| Date of publication, distribution, etc. | 1968. |
| 300 ## - PHYSICAL DESCRIPTION | |
| Extent | 415 P. ; Colour illustrations, maps, photographs. |
| Dimensions | 28.3 cm |
| 942 ## - ADDED ENTRY ELEMENTS (KOHA) | |
| Source of classification or shelving scheme | |
| Koha item type | Book |
| Withdrawn status | Lost status | Source of classification or shelving scheme | Damaged status | Not for loan | Permanent Location | Current Location | Shelving location | Date acquired | Total Checkouts | Full call number | Barcode | Date last seen | Price effective from | Koha item type |
|---|---|---|---|---|---|---|---|---|---|---|---|---|---|---|
| NUST Baluchistan Campus (NBC) | NUST Baluchistan Campus (NBC) | Reference | 05/06/2026 | 902.02 BIN | QD-192 | 05/06/2026 | 05/06/2026 | Book |
